The Social Construction of Historical Traumas: The Polish Experience of the Uses of History in an Intelligentsia-dominated Polity
| Titel: | The Social Construction of Historical Traumas: The Polish Experience of the Uses of History in an Intelligentsia-dominated Polity / Tomasz Zarycki and Tomasz Warczok |
|---|---|
| In: |
European review, Band 28, Heft 6 (2020), Seite 911-931 alle Artikel anzeigen |
| Veröffentlicht: | 2020 |
| Format: | Aufsatz |
| Sprache: | Englisch |
X
alg: 52329751 001A $03025:07-11-24 001B $03025:07-11-24 $t12:58:40.000 001D $03025:07-11-24 001U $0utf8 001X $00 002@ $0Oou 002C $aText $btxt $2rdacontent 002D $aComputermedien $bc $2rdamedia 002E $aOnline-Ressource $bcr $2rdacarrier 003@ $0523297513 009Q $uhttps://doi.org/10.1017/S1062798720000344 $xVolltext 010@ $aeng 010E $erda 011@ $a2020 021A $aThe @Social Construction of Historical Traumas: The Polish Experience of the Uses of History in an Intelligentsia-dominated Polity $hTomasz Zarycki and Tomasz Warczok 031A $d28 $e6 $h911-931 $j2020 039B $aEnthalten in $8--Obvc--. European review. - Cambridge : Cambridge Univ. Press, 1993-. - Online-Ressource. - ISSN 1474-0575 $x202000000280006089 $9098734202 044K $RPolen-Litauen $RKongresspolen $RWestgalizien $RStaat Krakau $#Generalgouvernement Polen $#Polska $#Rzeczpospolita Polska $#Polska Rzeczpospolita Ludowa $#Poland $#Pologne $#République Polonaise $#Generalne Gubernatorstwo w Polsce $#Polish People's Republic $#Polska Rzeczpospolita Polen $#PRL $#RP $#Polen Generalgouvernement $#Polska Generalgouvernement $#Besetzte Polnische Gebiete $#Besetztes Gebiet in Polen $#Okupowane Polskie Obszary $#Obszary Okupowane w Polsce $#Volksrepublik Polen $#Polska Rosyjska $#Republic Polen $#Respublika Pol'ša $#Pol'skaja Narodnaja Respublika $#République de Pologne $#Polen Links der Weichsel $#Polska po Lewej Stronie Wisły $#Lenkija $#Polija $#Gubernija Carstva Pol'skago $#Republik Polen $74046496-9 $8Polen [Tg1] $9085129801 044K $RPolitische Identität $RGeschichtsbild $RGeschichtsdenken $#Conscience historique $#Geschichtsbewusstsein $#Historisches Bewusstsein $#Geschichtsverständnis Geschichtsbewusstsein $#Geschichtskultur $74020526-5 $8Geschichtsbewusstsein [Ts1] $9085049387 044K $RBewusstsein $RNationalismus $RNationenbildung $RPatriotismus $#Nationalism $#Nationalisme $#Nationalbewusstsein $#nationale Identität $#Nationale Identität Nationalbewusstsein $#Nationales Bewusstsein $#Nationalgefühl $#Historische Identität Nationalbewusstsein $74041282-9 $8Nationalbewusstsein [Ts1] $9085112976 044K $RTraumatologie $#Traumatism $#Traumatisme $#Lésions et blessures $#Wounds and Injuries $74060748-3 $8Trauma [Ts1] $9085168688 044K $RWeibliche Intellektuelle $RGeistesarbeiter $#Intellectuals $#Intellectuels $#Intellettuali $#Intelectuales $#Intellektueller $#Intelligencija $#Intelligentsia $#Intelligenz Soziologie $#Intelligenzija $#Intelligenzler $#Intelligenzschicht $#Denker Intellektueller $#Intellektuelle $74027249-7 $8Intellektueller [Ts1] $9085069167 045F $a306.094380905 $eDDC23BSB 045F/01 $a306.09 045F/03 $f0905 045F/03 $f0904 045F/03 $f09034 045F/03 $g438 lok: 52329751 78 exp: 52329751 78 1 #EPN 201B/01 $007-11-24 $t12:56:33.000 201C/01 $007-11-24 201U/01 $0utf8 203@/01 $01281977276 208@/01 $a07-11-24 $be 209A/01 $a/ $f000 $x00 209A/01 $ab*p $x01 220C/01 $apgar 244Z/01 $#Generalgouvernement Polen $#Polska $#Rzeczpospolita Polska $#Polska Rzeczpospolita Ludowa $#Poland $#Pologne $#République Polonaise $#Generalne Gubernatorstwo w Polsce $#Polish People's Republic $#Polska Rzeczpospolita Polen $#PRL $#RP $#Polen Generalgouvernement $#Polska Generalgouvernement $#Besetzte Polnische Gebiete $#Besetztes Gebiet in Polen $#Okupowane Polskie Obszary $#Obszary Okupowane w Polsce $#Volksrepublik Polen $#Polska Rosyjska $#Republic Polen $#Respublika Pol'ša $#Pol'skaja Narodnaja Respublika $#République de Pologne $#Polen Links der Weichsel $#Polska po Lewej Stronie Wisły $#Lenkija $#Polija $#Gubernija Carstva Pol'skago $#Republik Polen $74046496-9 $8--Tg1--Polen $x01 $9085129801 247C/01 $82080>Marburg/Lahn, Herder-Institut, Forschungsbibliothek, Bibliographieportal $9336309341
| LEADER | 00000naa a2200000 c 4500 | ||
|---|---|---|---|
| 001 | 523297513 | ||
| 003 | DE-603 | ||
| 005 | 20241107125840.0 | ||
| 007 | cr|||||||||||| | ||
| 008 | 241107s2020 xx |||| o| u00||u|eng c | ||
| 035 | |a (DE-599)HEB523297513 | ||
| 040 | |a DE-603 |b ger |c DE-603 |d DE-603 |e rda | ||
| 041 | |a eng | ||
| 082 | 0 | 4 | |8 1\u |a 306.094380905 |q DE-101 |2 23/BSB |
| 085 | |8 1\u |b 306.09 | ||
| 085 | |8 1\u |z 1 |s 0905 | ||
| 085 | |8 1\u |z 1 |s 0904 | ||
| 085 | |8 1\u |z 1 |s 09034 | ||
| 085 | |8 1\u |z 2 |s 438 | ||
| 245 | 0 | 0 | |a The Social Construction of Historical Traumas: The Polish Experience of the Uses of History in an Intelligentsia-dominated Polity |c Tomasz Zarycki and Tomasz Warczok |
| 264 | 0 | |c 2020 | |
| 336 | |a Text |b txt |2 rdacontent | ||
| 337 | |a Computermedien |b c |2 rdamedia | ||
| 338 | |a Online-Ressource |b cr |2 rdacarrier | ||
| 650 | 7 | |a Geschichtsbewusstsein |0 (DE-588)4020526-5 |0 (DE-603)085049387 |2 gnd | |
| 650 | 7 | |a Nationalbewusstsein |0 (DE-588)4041282-9 |0 (DE-603)085112976 |2 gnd | |
| 650 | 7 | |a Trauma |0 (DE-588)4060748-3 |0 (DE-603)085168688 |2 gnd | |
| 650 | 7 | |a Intellektueller |0 (DE-588)4027249-7 |0 (DE-603)085069167 |2 gnd | |
| 651 | 7 | |a Polen |0 (DE-588)4046496-9 |0 (DE-603)085129801 |2 gnd | |
| 773 | 0 | 8 | |i Enthalten in |t European review |d Cambridge : Cambridge Univ. Press, 1993- |h Online-Ressource |x 1474-0575 |g Band 28, Heft 6 (2020), Seite 911-931 |w (DE-603)098734202 |w (DE-600)2048671-6 |
| 856 | |u https://doi.org/10.1017/S1062798720000344 | ||
| 924 | 1 | |9 2080 |a (DE-603)1281977276 |b DE-2080 |c HES |d d |g / | |


